• 首页
  • 本馆介绍
  • 公告通知
  • 最新文献
  • 馆藏检索
  • 电子资源
  • 读者导购
  • 参考咨询
  • 我的图书馆
  • 登录
  • 详细信息显示
  • 放入我的书架
  • 预约/预借图书
  • 作者相关作品
  • 分类相关作品
  • 丛书相关作品
  • 出版社相关作品

书目信息

  • 表格格式
  • 工作单格式
  • 卡片格式
题名:
国内外收录机电路图集
    
 
作者: ;家电维修资料编辑组 编
分册: 1  
出版信息: 重庆   四川科学技术出版社  1985
页数: 78页
开本: 26cm
丛书名: 家用电器维修丛书
单 册:
中图分类: TN912.22 , TN646-64
科图分类:
主题词: 收录两用机--图 , 电声器件
电子资源:
ISBN:
000 00808nam2 2200277 45
001 0185020381
005 20040518084855.7
010    @dCNY3.00
091    @a15298.132
100    @a19940305d1985 em y0chiy0121 ea
101 0  @achi
105    @ay z 000yy
106    @ar
200 10 @a国内外收录机电路图集@bTB@h1@f家电维修资料编辑组编@Aguo nei wai shou lu ji dian lu tu ji
210    @a重庆@c四川科学技术出版社@d1985
215    @a78页@d26cm
225 2  @a家用电器维修丛书
410  0 @120010@a家用电器维修丛书
606    @a收录两用机@x图
606 0  @a电声器件
690    @aTN912.22@v3 
690    @aTN646-64
711 02 @a家电维修资料编辑组@4编@Ajia dian wei xiu zi liao bian ji zu
801  0 @aCN@b深圳图书馆@c20040518
801  2 @aCN@bNLC@c20040518
905    @f2@b238551-552@dTN646-64@e53:1
    
    国内外收录机电路图集[TB].1/家电维修资料编辑组编.-重庆:四川科学技术出版社,1985
    78页;26cm.-(家用电器维修丛书)
    
    
    ISBN :CNY3.00
    
●
相关链接 在E读中查询图书 在五车中查询图书 在当当中查询图书 在豆瓣中查询图书


正题名:国内外收录机电路图集     索取号:TN646-64/53:1         预约/预借

序号 登录号 条形码 馆藏地/架位号 状态 备注
1 0238551   001354787   第三借阅区/ [索取号:TN646-64/53:1] 在馆    
2 0238552   001328263   第三借阅区/ [索取号:TN646-64/53:1] 在馆    
3 0238553   001328343   第二样本阅览室/ [索取号:TN646-64/53:1] 在馆    
唐山师范学院图书馆 欢迎您!
大连网信软件有限公司© 版权所有